Jetstar Australia and New Zealand Destinations - Statistics

General Stats
  • This quiz has been taken 31 times
  • The average score is 28 of 43
Answer Stats
Answer % Correct
Adelaide
96%
Auckland
96%
Christchurch
96%
Melbourne
96%
Sydney
96%
Wellington
96%
Darwin
91%
Perth
91%
Brisbane
83%
Ayers Rock
78%
Cairns
78%
Denpasar
78%
Osaka
78%
Queenstown
78%
Tokyo
78%
Gold Coast
74%
Newcastle
74%
Townsville
74%
Bangkok
70%
Canberra
70%
Hamilton
70%
Singapore
70%
Sunshine Coast
70%
Hobart
65%
Mackay
65%
Seoul
65%
Honolulu
61%
Dunedin
57%
Launceston
57%
Nadi
57%
Phuket
52%
Port Vila
52%
Proserpine
52%
Ho Chi Minh City
48%
Hamilton Island
43%
Hervey Bay
39%
Busselton
30%
Nelson
30%
Geelong
26%
Napier
26%
Rarotonga
26%
Palmerston North
22%
New Plymouth
9%
No matching quizzes found
Score Distribution
Percent of People with Each Score
Percentile by Number Answered
Your Score History
You have not taken this quiz